000 00943nam a22002897a 4500
003 CHAP
005 20220329143906.0
008 120615s2011 mx r 00010 spa d
010 _a103367
011 _a104339
020 _a9786071202284
035 _a115029
040 _cCHAP
082 0 4 _a500
_bI62
245 0 0 _aInvestigación científica multidisciplinaria
_c/coordinado por Daniel Sepúlveda Jiménez
260 _aChapingo, Méx. :
_bUACH,
_c2011
300 _a304 p. :
_bilus., cuadros, gráfs.
590 _aBATCH-UPD
_b10
_c20130110
_lUCH01
_h2015
590 _aBATCH-UPD
_b10
_c20130410
_lUCH01
_h1333
590 _aBATCH-UPD
_b10
_c20130914
_lUCH01
_h0936
590 _aCONVERSION
_b10
_c20130109
_lUCH01
_h1357
650 1 4 _aCiencia
_xInvestigación.
_923126
700 1 _aSepúlveda Jiménez, Daniel
_e, coord.
_9104482
901 _aBK
942 _cLIBRO
949 _a500 I62
_bBC
_cUACH
_d33724002328793
_eUACH
_h116871
_i115029
_st
999 _c103367
_d103367